| 000 | 00333nam a2200121Ia 4500 | ||
|---|---|---|---|
| 008 | 211105s9999 xx 000 0 und d | ||
| 020 | _aVYASA03586 | ||
| 100 | _aSanal Kumar P | ||
| 245 | 0 | _aEffect of yoga breathing practices om academic performance and iq in school children | |
| 250 | _a\N | ||
| 260 |
_bSvyasa _c\N |
||
| 300 | _a53 P | ||
| 999 |
_c14875 _d14875 |
||